| 000 | 00505nam a2200145Ia 4500 | ||
|---|---|---|---|
| 005 | 20250310022206.0 | ||
| 008 | 240331s9999 xx 000 0 und d | ||
| 082 |
_bYOG _23685 _a894.811 |
||
| 100 | _aYoganathan, S | ||
| 245 | 0 | _aThanjam Pukunthavarkal | |
| 260 |
_aChennai, _bKumaran Publishers _c1993 |
||
| 300 | _a176 p., | ||
| 500 | _aA story about a refugees who have endured difficulties of displaced life and developed dreams and desires while trying to survive by facing their hardships. | ||
| 942 | _cL | ||
| 999 |
_c4258 _d4258 |
||